000
00422nam a2200145Ia 4500
008
100122s9999 xx 000 0 und d
082
_b
12494
_a
823.08
100
_a
काकोडकर चंद्रकांत
245
_a
संशय
260
_b
महाराष्ट्र ग्रंथ भांडार
_c
1964
300
_a
128
630
_a
संशय
730
_a
संशय
942
_c
BOOK
999
_c
403612
_d
403609